| 000 | 00000nam 2200000zi 4500 |
| 001 | 9.942191 |
| 003 | CaOODSP |
| 005 | 20250716095142 |
| 006 | m o d f |
| 007 | cr cn||||||||| |
| 008 | 240821e20240911onca ob f000 0 eng d |
| 020 | |a9780660732688 |
| 040 | |aCaOODSP|beng|erda|cCaOODSP |
| 043 | |an-cn--- |
| 086 | 1 |aCS11-633/2024-52E-PDF |
| 100 | 1 |aChatti, Rim, |eauthor. |
| 245 | 10|aInnovation ecosystem performance indicators : |breview of the literature / |cby Rim Chatti, Manassé Drabo and Dominique Gagnon. |
| 264 | 1|a[Ottawa] : |bStatistics Canada = Statistique Canada, |cSeptember 11, 2024. |
| 264 | 4|c©2024 |
| 300 | |a1 online resource (40 pages) : |billustration. |
| 336 | |atext|btxt|2rdacontent |
| 337 | |acomputer|bc|2rdamedia |
| 338 | |aonline resource|bcr|2rdacarrier |
| 490 | 1 |aAnalytical studies : methods and references, |x2371-3429 ; |vno. 052 |
| 500 | |a"11-633-X - No. 052." |
| 500 | |aIssued also in French under title: Indicateurs de rendement de l'écosystème d'innovation : analyse documentaire. |
| 504 | |aIncludes bibliographical references (pages 33-40). |
| 520 | |a"The concept of innovation ecosystems has recently gained increasing interest among researchers, practitioners and policy makers. This article uses a systematic literature review approach by drawing on studies that bring together the most recent knowledge on innovation ecosystem performance indicators"--Provided by publisher. |
| 650 | 0|aTechnological innovations. |
| 650 | 0|aIndustrial productivity. |
| 710 | 2 |aStatistics Canada, |eissuing body. |
| 775 | 08|tIndicateurs de rendement de l'écosystème d'innovation : |w(CaOODSP)9.942192 |
| 830 | #0|aAnalytical studies : methods and references (Statistics Canada)|x2371-3429 ; |vno. 052.|w(CaOODSP)9.821678 |
| 856 | 40|qPDF|s824 KB|uhttps://publications.gc.ca/collections/collection_2024/statcan/11-633-x/11-633-x2024003-eng.pdf |
| 856 | 4 |qHTML|sN/A|uhttps://www150.statcan.gc.ca/n1/pub/11-633-x/11-633-x2024003-eng.htm |